00530nam a2200157Ia 4500001001000000003000500010008004100015010001100056040000900067082002300076111010800099245007600207260003800283300001000321650004100331Para_7079CHAP220125s1985 xx 000 0 und d a205900 cCHAP aPA 633.61 M48 1985 aMesa Redonda Latioamericana de Manejo Integrado de Plagas de Caña de Azúcar (1985: La Habana, Cuba) aInforme final /c por Ministerio del Azúcar de la República de Cuba aLa Habana, Cuba :b El Ministerio a95 h. aCaña de azúcar x plagas x Cuba